| 000 | 01074nam a2200325 c 4500 | ||
|---|---|---|---|
| 003 | BLK | ||
| 005 | 20180420221222.0 | ||
| 008 | 180408b bul|||||r ||||||| ||bul|| | ||
| 010 | _aKNG00043858000 | ||
| 040 | _aBLK | ||
| 041 |
_aSER _cDRS |
||
| 080 |
_aСърбохърватски езици _b811.163.4 _x(075.4) _z811.163.4(075.4) |
||
| 100 | 1 |
_aCoric, Bozo _eпърви автор _97624 |
|
| 139 |
_aCoric, Bozo _bC 79 |
||
| 245 | 1 | 0 |
_aSrpskohrvatski za strance _cBozo Coric. |
| 246 | 1 | 1 | _aSerbo-croatian for foreigners |
| 250 | _a3. popr. i dop. izd. | ||
| 257 | _aSER | ||
| 260 |
_аBeograd _bMedunar. slavisticki centar na filol. fak. u Beogr _c1989 |
||
| 300 |
_a407 c. _bс ил. _c24 см |
||
| 380 | _a80 | ||
| 650 | 4 |
_aСърбохърватски езици - учебни помагала _9277199 |
|
| 653 | _aсърбохърватски езици | ||
| 653 | _aучебни помагала | ||
| 852 | _aЦб 185502 | ||
| 856 | 4 |
_qpdf _u |
|
| 856 | 4 |
_qpdf _u |
|
| 942 |
_cKNG _n0 |
||
| 944 |
_aCR _c01.01.1999 _kAB_DOS |
||
| 944 |
_aED _c11.09.2015 _kТеодора_Стоянова |
||
| 999 |
_c40415 _d40415 |
||